1990's rap songs - Sudden death - Statistics

General Stats
  • This quiz has been taken 135 times
  • The average score is 3 of 17
Answers on the Grid
Answers color-coded by a green-red scale on the quiz's grid according to % correct below.
Big Poppa - The Notorious B.I.G.
Without Me - Eminem
Ether - Nas
Can I Live - Jay Z
Rapper's Delight - The Sugar Hill Gang
Still D.R.E. - Dr. Dre
Straight Outta Compton - N.W.A.
You Know How We Do It - Ice Cube
4th Chamber - GZA
Ms. Jackson - Outkast
Mathematics - Mos Def
All Falls Down - Kanye West
Triumph - Wu-tang Clan
Drop It Like It's Hot - Snoop Dogg
Mama Said Knock You Out - LL Cool J
Changes - 2Pac
X Gon' Give It To Ya - DMX
21 Questions - 50 Cent
Aquemini - Outkast
Survival Of The Fittest - Mobb Deep
N.Y. State Of Mind - Nas
Gangsta's Paradise - Coolio
Area Codes - Ludacris
Ice Cream - Raekwon
Smooth Operator - Big Daddy Kane
My Name Is - Eminem
Real Muthaphuckkin' G's - Eazy-E
Heart Of The City - Jay Z
Gin And Juice - Snoop Dogg
Rhymes Like Dimes - MF DOOM
Fight The Power - Public Enemy
X - Xzibit
 
Answer Stats
Answer % Correct
Big Poppa - The Notorious B.I.G.
91%
Changes - 2Pac
33%
Still D.R.E. - Dr. Dre
28%
Gin And Juice - Snoop Dogg
22%
Gangsta's Paradise - Coolio
20%
My Name Is - Eminem
20%
You Know How We Do It - Ice Cube
19%
Triumph - Wu-tang Clan
17%
N.Y. State Of Mind - Nas
15%
Aquemini - Outkast
13%
Mama Said Knock You Out - LL Cool J
13%
4th Chamber - GZA
11%
Can I Live - Jay Z
11%
Real Muthaphuckkin' G's - Eazy-E
11%
Survival Of The Fittest - Mobb Deep
9%
Mathematics - Mos Def
7%
Ice Cream - Raekwon
6%
No matching quizzes found
Score Distribution
Percent of People with Each Score
Percentile by Number Answered
Your Score History
You have not taken this quiz